| 000 | 004630000a22001930004500 | ||
|---|---|---|---|
| 001 | 002151 | ||
| 003 | MACL | ||
| 005 | 20150915121819.0 | ||
| 008 | 150915b xxu||||| |||| 00| 0 eng d | ||
| 040 |
_aMACL _cMACL |
||
| 041 | _aEnglish | ||
| 082 | _a823/MIS | ||
| 100 |
_aMishra, Ramdarsh _911004 |
||
| 245 |
_aDawn of Red Flames _cRamdarsh Mishra |
||
| 260 |
_aDelhi _c2006 _bKritika books, |
||
| 350 | _a95 | ||
| 650 |
_aFiction _911005 |
||
| 942 |
_k823 _cBK _2ddc |
||
| 999 |
_c14066 _d14066 |
||